Junior High School Literature (Record no. 9436)

MARC details
000 -CABECERA
campo de control de longitud fija 00718nam a2200229 a 4500
001 - NÚMERO DE CONTROL
campo de control BRL_624
005 - FECHA Y HORA DE LA ÚLTIMA TRANSACCIÓN
campo de control 20190320210827.0
008 - DATOS DE LONGITUD FIJA--INFORMACIÓN GENERAL
campo de control de longitud fija 110913s1936----u--a######---#000-0#eng-#
041 ## - CÓDIGO DE LENGUA
Código de lengua del texto/banda sonora o título independiente eng
044 ## - CÓDIGO DEL PAÍS DE LA ENTIDAD EDITORA/PRODUCTORA
Código MARC del país u
050 #4 - SIGNATURA TOPOGRÁFICA DE LA BIBLIOTECA DEL CONGRESO
Número de clasificación PR1109
Número de documento/Ítem .E47 1936
100 1# - ENTRADA PRINCIPAL--NOMBRE DE PERSONA
Nombre de persona Elson, William H.
Fechas asociadas al nombre 1856-1935.
Forma completa/desarrollada del nombre (William Harris),
9 (RLIN) 24457
245 10 - MENCIÓN DE TÍTULO
Título Junior High School Literature
Resto del título Book one
Mención de responsabilidad, etc. Revised Editon by Willam H. Elson, Christine M. Keck, Mary H. Burris
260 ## - PUBLICACIÓN, DISTRIBUCIÓN, ETC.
Lugar de publicación, distribución, etc. Chicago, Atlanta [etc.]
Nombre del editor, distribuidor, etc. Scott, Foresman and Company
Fecha de publicación, distribución, etc. 1936
300 ## - DESCRIPCIÓN FÍSICA
Extensión v.
Otras características físicas il.
Dimensiones 23 p.
500 ## - NOTA GENERAL
Nota general Au649
650 14 - PUNTO DE ACCESO ADICIONAL DE MATERIA--TÉRMINO DE MATERIA
Término de materia o nombre geográfico como elemento de entrada Libros de lectura
9 (RLIN) 24458
700 1# - PUNTO DE ACCESO ADICIONAL--NOMBRE DE PERSONA
Nombre de persona Keck, Christine M.
9 (RLIN) 24459
700 1# - PUNTO DE ACCESO ADICIONAL--NOMBRE DE PERSONA
Nombre de persona Burris, Mary H.
9 (RLIN) 24460
902 ## - CATALOGADOR
Iniciales GRL
942 ## - ELEMENTOS DE PUNTO DE ACCESO ADICIONAL (KOHA)
Fuente del sistema de clasificación o colocación Library of Congress Classification
Tipo de ítem Koha Libros
Holdings
Estado de retiro Estado de pérdida Estado dañado No para préstamo Localización permanente Ubicación/localización actual Fecha de adquisición Número de inventario Total de préstamos Signatura topográfica completa Código de barras Fecha visto por última vez Precio válido a partir de Tipo de ítem Koha
El ejemplar forma parte de la colección y puede ser consultado según las políticas vigentes.       Biblioteca Centro de Estudios Ruth D. Lechuga Biblioteca Centro de Estudios Ruth D. Lechuga 11/09/2013 Au649   PR1109 .E47 1936 (Au649) GRL00682 22/03/2019 22/03/2019 Libros